000 01970nam0a2200385 4500
001 RU\NLR\BIBL_A\022484306
005 20260406103313.0
035 _a(NLR Aleph) 022484306
090 _a13378193
_c13378193
100 _a20250311d1805 |||y0rusy50 ca
101 0 _ager
102 _aRU
140 _ay y |||||||| ya 1000
200 1 _aZur Münzkunde Russlands.
_fHerausgegeben von der Kaiserlichen Akademie der Wissenschaften
210 _aSt. Petersburg [St.- Peterburg
_cKaiserliche Akademie der Wissenschaften]
_d1805
215 _a200, [2] с.
_d8° (20 см)
304 _aАвт.: Krug. Указан в конце предисл. на с. 16
306 _aИзд. установл. по: KVK
316 _aЭкз. РНБ (13.7.9.60): Экз. деф.: после с. 64 ошибочно вплет. с. 67-68, после с. 66 — с. 71-72, после с. 70 — с. 75-76, после с. 74 — с. 79-80, после с. 78 — с. 81-82. Размер: 19 см. Синий крапчатый обрез. На тит. л. рукоп. помета (запись)
_5NLR: 13.7.9.60
540 1 _a[О древних русских монетах]
606 1 _aМонеты
_yРоссия
_92138985
_3RU\NLR\AUTH\661289464
620 _dSt.- Peterburg
686 0 _aТ221(2)
700 1 _4070
_8rus
_7ba
_aKrug
_bF. I.
_f1764-1844
_gFilipp Ivanovič
_3RU\NLR\AUTH\7783993
_966921
712 0 2 _4340
_4650
_8ger
_aAkademie der Wissenschaften
_cPetersburg
_7ba
_3RU\NLR\AUTH\881042
_9272474
852 _aNLR
_bRossica
_j13.7.9.60a
852 _aNLR
_bRossica
_j13.7.9.60
942 _cBOOK
980 _ain1719v
980 _aNB